000 00488nam a2200181Ia 4500
005 20250326143043.0
008 250326s9999 xx 000 0 und d
037 _aTextbook
040 _aFMSL
_beng
_cFMSL
041 _aeng
_2eng
084 _aX:74 M5
_qFMSL
100 _aAmarchand D
245 0 _aGovernment and business
_cAmarchand D
260 _aNew Delhi
_bNew Delhi, Tata McGraw-Hill
_c1985
300 _a207p
942 _cTB
_hX:74 M5
999 _c1297897
_d1297897